LEADER 01072nam a22002651i 4500 001 991002301059707536 005 20040301184516.0 008 040407s1977 it |||||||||||||||||ita 035 $ab12901842-39ule_inst 035 $aARCHE-088146$9ExL 040 $aDip.to Filologia Class. e Scienze Filosofiche$bita$cA.t.i. Arché s.c.r.l. Pandora Sicilia s.r.l. 082 04$a930.07 100 1 $aJossa, Giorgio$0159825 245 10$aGiudei, pagani e cristiani :$bquattro saggi sulla spiritualità del mondo antico /$cGiorgio Jossa 260 $aNapoli :$bAssociazione di studi tardoantichi,$c1977 300 $a225 p. ;$c23 cm 440 0$aKoinonia : collana di studi e testi ;$v1 650 4$aMondo antico$xStoria 650 4$aMondo antico$xReligione 907 $a.b12901842$b02-04-14$c16-04-04 912 $a991002301059707536 945 $aLE007 930 JOS 01.01$g1$i2015000090706$lle007$o-$pE0.00$q-$rl$s- $t0$u1$v0$w1$x0$y.i13467402$z16-04-04 996 $aGiudei, pagani e cristiani$9306000 997 $aUNISALENTO 998 $ale007$b16-04-04$cm$da $e-$fita$git $h0$i1 LEADER 02648oas 2201021 a 450 001 9910145345103321 005 20260218111734.0 011 $a1998-3565 035 $a(OCoLC)317814571 035 $a(CONSER) 2010205429 035 $a(CKB)1000000000277407 035 $a(MiFhGG)5PYI 035 $a(MiAaPQ)226525 035 $a(DE-599)ZDB2267310-6 035 $a(DE-599)2267310-6 035 $a(EXLCZ)991000000000277407 100 $a20070509a20079999 sy 101 0 $aeng 135 $aur|n||||||||| 181 $ctxt$2rdacontent 182 $cc$2rdamedia 183 $acr$2rdacarrier 200 00$aAsian journal of transfusion science 210 $aMumbai $cMedknow Publications for the Indian Society of Blood Transfusion & Immunohaematology 300 $aRefereed/Peer-reviewed 311 08$a0973-6247 517 3 $aAJTS 606 $aBlood$xTransfusion$vPeriodicals 606 $aHemapheresis$vPeriodicals 606 $aLeukapheresis$vPeriodicals 606 $aBlood Transfusion 606 $aBlood$xTransfusion$2fast$3(OCoLC)fst00834613 606 $aHemapheresis$2fast$3(OCoLC)fst00954887 606 $aLeukapheresis$2fast$3(OCoLC)fst00996893 606 $aSang$xTransfusion$vPe?riodiques 606 $aHe?maphe?re?se$vPe?riodiques 606 $aLeucophe?re?se$vPe?riodiques 608 $aPeriodical. 608 $aFulltext. 608 $aInternet Resources. 608 $aPeriodicals. 608 $aPeriodicals.$2fast 615 0$aBlood$xTransfusion 615 0$aHemapheresis 615 0$aLeukapheresis 615 2$aBlood Transfusion. 615 7$aBlood$xTransfusion. 615 7$aHemapheresis. 615 7$aLeukapheresis. 615 6$aSang$xTransfusion 615 6$aHe?maphe?re?se 615 6$aLeucophe?re?se 712 02$aIndian Society of Blood Transfusion & Immunohaematology. 801 0$bDNLM 801 1$bTOH 801 2$bTXA 801 2$bOCLCQ 801 2$bDLC 801 2$bPFM 801 2$bOCLCF 801 2$bOCLCO 801 2$bOCLCQ 801 2$bJ9U 801 2$bVT2 801 2$bOCLCQ 801 2$bCASUM 801 2$bOCLCO 801 2$bOCLCA 801 2$bZAC 801 2$bWY@ 801 2$bOCLCO 801 2$bOCLCA 801 2$bBUF 801 2$bOCLCO 801 2$bMOW 801 2$bAU@ 801 2$bOCLCO 801 2$bWYU 801 2$bAUD 801 2$bSFB 801 2$bBWN 801 2$bOCLCQ 801 2$bIOY 801 2$bUEJ 906 $aJOURNAL 912 $a9910145345103321 996 $aAsian journal of transfusion science$92197357 997 $aUNINA